| 000 | 00363pam a2200157a 44500 | ||
|---|---|---|---|
| 008 | 230515b1967 xxu||||| |||| 00| 0 eng d | ||
| 020 | _aNULL | ||
| 041 | _aENGL | ||
| 082 | _aNULL | ||
| 100 | _a"GHANEKAR VIDYA.," | ||
| 245 | _aGRAHAK SAHAKARI CALWAL | ||
| 250 | _a0 | ||
| 260 |
_aPUNE _bCHIRANGEEV GRANTH PRAKASHAN _c1967 |
||
| 300 | _aNULL | ||
| 650 | _aNULL | ||
| 999 |
_c538958 _d538958 |
||